MARC

Tag First Indicator Second Indicator Subfields
LEADER 00000cam a22000001a 4500
001 in00003270521
006 m d f
007 cr bn mmmapmmp
008 101011s1987 dcua ob f000 0 eng d
005 20260430232040.4
035 |a cis2007815719 
040 |a LexisNexis  |c LexisNexis  |d UtOrBLW 
043 |a n-us--- 
074 |a 1028-A, 1028-B (microfiche) 
086 0 |a Y 4.W 36:WMCP 100-17 
086 0 |a Y 4.W 36:WMCP 100-26 
086 0 |a Y 4.W 36:WMCP 100-28 
086 0 |a Y 4.W 36:WMCP 100-36 
086 0 |a Y 4.W 36:WMCP 100-41 
088 |a WMCP:100-17 
088 |a WMCP:100-26 
088 |a WMCP:100-28 
088 |a WMCP:100-36 
088 |a WMCP 100-41 
099 |a CMP-1987-WAM-0029 
099 |a CMP-1987-WAM-0050 
099 |a CMP-1988-WAM-0001 
099 |a CMP-1988-WAM-0022 
099 |a CMP-1989-WAM-0003 
110 1 |a United States.  |b Congress.  |b House.  |b Committee on Ways and Means.  |b Subcommittee on Trade. 
245 1 0 |a Written comments on certain tariff and trade bills /  |c Subcommittee on Trade of the Committee on Ways and Means, U.S. House of Representatives. 
264 1 |a Washington :  |b U.S. G.P.O.,  |c 1987- 
300 |a 1 online resource. 
336 |a text  |b txt  |2 rdacontent 
337 |a computer  |b c  |2 rdamedia 
338 |a online resource  |b cr  |2 rdacarrier 
500 |a Record is based on bibliographic data in LexisNexis U.S. Congressional Research Digital Collection. Reuse except for individual research requires license from LexisNexis. 
504 |a Includes bibliographical references. 
500 |a Electronic resource. 
650 0 |a Tariff  |x Law and legislation  |z United States. 
650 0 |a Foreign trade regulation  |z United States. 
655 7 |a Electronic books.  |2 local 
710 2 |a ProQuest (Firm) 
776 0 8 |i Print version:   |t Written comments on certain tariff and trade bills  |w gp 88010236  |w (OCoLC)16651991 
776 0 8 |i Microfiche version:   |t Written comments on certain tariff and trade bills  |d [Bethesda, Md.] : LexisNexis Academic & Library Solutions,1987-.  |o CIS 89 H782-2 (vol. 5)  |o CIS 88 H782-25 (vol. 4)  |o CIS 88 H782-2 (vol. 3)  |o CIS 88 H782-1 (vol. 2)  |o CIS 87 H782-33 (vol. 1)  |w (LexisNexis)cis08701405 
830 0 |a U.S. Congressional Research. 
856 4 0 |u http://proxy.library.tamu.edu/login?url=https://congressional.proquest.com/congcomp/getdoc?CRDC-ID=CMP-1987-WAM-0029  |z Connect to the full text of this electronic book  |t 0 
856 4 0 |u http://proxy.library.tamu.edu/login?url=https://congressional.proquest.com/congcomp/getdoc?CRDC-ID=CMP-1987-WAM-0050  |z Connect to the full text of this electronic book  |t 0 
856 4 0 |u http://proxy.library.tamu.edu/login?url=https://congressional.proquest.com/congcomp/getdoc?CRDC-ID=CMP-1988-WAM-0001  |z Connect to the full text of this electronic book  |t 0 
856 4 0 |u http://proxy.library.tamu.edu/login?url=https://congressional.proquest.com/congcomp/getdoc?CRDC-ID=CMP-1988-WAM-0022  |z Connect to the full text of this electronic book  |t 0 
856 4 0 |u http://proxy.library.tamu.edu/login?url=https://congressional.proquest.com/congcomp/getdoc?CRDC-ID=CMP-1989-WAM-0003  |z Connect to the full text of this electronic book  |t 0 
998 |a cis08701405 
999 |a MARS 
999 f f |s 00fe479c-55f1-3b47-ab31-ee7fdf2efc23  |i e17abc24-7144-377e-be06-8e3cb9719184  |t 0 
952 f f |a Texas A&M University  |b College Station  |c Electronic Resources  |s www_evans  |d Available Online  |t 0  |e CMP-1989-WAM-0003  |h Other scheme 
998 f f |a CMP-1989-WAM-0003  |t 0  |l Available Online